Personnages des Totally Spies par images - Statistiques

Statistiques générales
  • Ce quiz a été pris 651 fois
    287 depuis la dernière actualisation
  • Le résultat moyen est 6 sur 9
Statistiques - réponses
Par images Réponse % Correct
Clover Ewing
99%
Samantha Simpson
99%
Jerry Lewis
98%
Alexandra Vasquez
97%
Mandy
87%
G.L.A.D.I.S.
42%
Britney
36%
Blane
16%
Trent
15%
Aucun quiz correspondant
Distribution des résultats
% des personnes avec chaque résultat
Percentile par nombre de réponses
Votre historique - résultats
Vous n’avez pas pris ce quiz depuis la dernière actualisation